000 00664nam a2200193Ia 4500
005 20250508164946.0
008 008 250505s9999 xx 000 0 eng d
037 _aDissertations
040 _aFEDL
_beng
_cFEDL
041 _aeng
_2eng
084 _a375.51, KHE/DI
_qFEDL
100 _aKhera Upasna
_9779590
245 0 _aStudy of features and usefulness of the assessment for learning (Formative assessment) with reference to the national curriculum for mathematics (England) in year 6
260 _c2010
300 _a48p.
546 _aM.Ed. Dissertation (Delhi University)
942 _cDIS
_h375.51, KHE/DI
999 _c1392284
_d1392284